000 00576nam a2200193Ia 4500
005 20250326143549.0
008 250326s9999 xx 000 0 und d
020 _a0-07-058224-6
037 _aTextbook
040 _aFMSL
_beng
_cFMSL
041 _aeng
_2eng
084 _aD658(2:55) P3
_qFMSL
100 _aWhitten Jeffery L
_9748204
245 0 _aSystems analysis design methods
_cWhitten Jeffery L And Others
260 _aNew Delhi
_bNew Delhi, Tata McGraw Hill
_c2005
300 _axix,780
942 _cTB
_hD658(2:55) P3
999 _c1300095
_d1300095